[Event "ODJM B 2017"]
[Site "Willingen GER"]
[Date "2017.06.06"]
[Round "4"]
[White "Ebeling, Gereon"]
[Black "Bakalarz, Adrian"]
[Result "1-0"]
[Termination "normal"]
[Board "14"]
[WhiteElo "1358"]
[BlackElo "1039"]
[PlyCount "113"]
[WhiteFideId "16223160"]
[BlackFideId "12955809"]
[EventCountry "GER"]
[EventRounds "9"]
[EventType "swiss"]
[EventDate "2017.06.03"]

1. e4 d5 2. exd5 Nf6 3. d4 Nxd5 4. Bc4 Nf6 5. Nf3 Bg4 6. Bxf7+ Kxf7 7. Ne5+ Ke8
8. Nxg4 Nxg4 9. Qxg4 Nc6 10. Be3 Qd7 11. Qxd7+ Kxd7 12. O-O Rd8 13. c3 Kc8 14.
Re1 e5 15. Bg5 Re8 16. f4 h6 17. Bh4 g5 18. fxg5 hxg5 19. Bxg5 Bd6 20. d5 Nd8
21. Bxd8 Kxd8 22. Nd2 Ref8 23. Ne4 Be7 24. Rf1 Rh4 25. Rxf8+ Bxf8 26. Ng5 Bc5+
27. Kh1 Kc8 28. g3 Rg4 29. Ne6 Bb6 30. Kg2 e4 31. h3 Rg8 32. Re1 e3 33. Nd4 Re8
34. Kf3 c5 35. dxc6 bxc6 36. Nxc6 Rf8+ 37. Ke4 Rf2 38. Nd4 Rxb2 39. Re2 Rxe2
40. Nxe2 Kd7 41. Kf3 Ke6 42. Nd4+ Ke5 43. Kxe3 Bxd4+ 44. cxd4+ Kd6 45. h4 Ke6
46. h5 Kf6 47. d5 Ke5 48. h6 Kxd5 49. h7 Kc4 50. h8=Q Kd5 51. Qd4+ Ke6 52. Kf4
Kf7 53. Qe5 Kg6 54. Qf5+ Kg7 55. Kg5 Kg8 56. Kh6 Kh8 57. Qf8# 1-0

[Event "ODJM B 2017"]
[Site "Willingen GER"]
[Date "2017.06.06"]
[Round "4"]
[White "Hierl, Johannes"]
[Black "Guo, Philipp Ziming"]
[Result "1-0"]
[Termination "normal"]
[Board "16"]
[WhiteElo "1275"]
[BlackElo "1070"]
[PlyCount "47"]
[WhiteFideId "16235096"]
[BlackFideId "16245199"]
[EventCountry "GER"]
[EventRounds "9"]
[EventType "swiss"]
[EventDate "2017.06.03"]

1. Nc3 e5 2. Nf3 Nc6 3. d4 exd4 4. Nxd4 Bc5 5. Be3 Qf6 6. Ncb5 Kd8 7. Qd2 h6 8.
O-O-O Nge7 9. g3 a6 10. Nxc6+ Qxc6 11. Bxc5 Qxh1 12. Bxe7+ Kxe7 13. Nxc7 Rb8
14. Nd5+ Kf8 15. Qf4 Ra8 16. Qd6+ Kg8 17. Ne7+ Kh7 18. Bh3 Qxh2 19. Bf5+ g6 20.
Bxg6+ Kg7 21. Qe5+ Kf8 22. Qf6 Ke8 23. Bxf7+ Kd8 24. Nd5# 1-0

[Event "ODJM B 2017"]
[Site "Willingen GER"]
[Date "2017.06.06"]
[Round "4"]
[White "Hapke, Lara"]
[Black "Schönweiler, Elisabeth"]
[Result "1/2-1/2"]
[Termination "normal"]
[Board "17"]
[WhiteElo "1347"]
[BlackElo "1341"]
[PlyCount "49"]
[WhiteFideId "12996572"]
[BlackFideId "12997005"]
[EventCountry "GER"]
[EventRounds "9"]
[EventType "swiss"]
[EventDate "2017.06.03"]

1. e4 e5 2. Nf3 Nc6 3. d4 exd4 4. Nxd4 Bc5 5. Nb3 Bb6 6. Nc3 d6 7. Bf4 Be6 8.
Bb5 Nge7 9. Nd4 Bd7 10. Nxc6 Bxc6 11. Bc4 O-O 12. Qd2 Ng6 13. Bg5 Qd7 14. O-O-O
Rfe8 15. f3 a6 16. h4 Ne5 17. Bb3 Qc8 18. Nd5 Bxd5 19. Qxd5 h6 20. Bf4 Re7 21.
Qd2 Kh7 22. Qe2 Ng6 23. Bd2 Ne5 24. Bc3 Qf8 25. g4 1/2-1/2

[Event "ODJM B 2017"]
[Site "Willingen GER"]
[Date "2017.06.06"]
[Round "4"]
[White "Kiefhaber, Tobias"]
[Black "Chouiki, Tarek"]
[Result "1/2-1/2"]
[Termination "normal"]
[Board "18"]
[WhiteElo "1093"]
[BlackElo "1181"]
[PlyCount "71"]
[WhiteFideId "16240693"]
[BlackFideId "16212266"]
[EventCountry "GER"]
[EventRounds "9"]
[EventType "swiss"]
[EventDate "2017.06.03"]

1. d4 c6 2. c4 d5 3. Nc3 dxc4 4. e4 Qc7 5. Bxc4 e5 6. d5 h6 7. Nf3 Nf6 8. O-O
cxd5 9. Bxd5 a6 10. Be3 Nbd7 11. Qb3 Nc5 12. Qc4 b5 13. Qe2 Rb8 14. Rad1 b4 15.
Nb1 Bd7 16. Qd2 Rd8 17. Rc1 Be6 18. Nxe5 Qxe5 19. Bxc5 Nxe4 20. Bc6+ Bd7 21.
Bxd7+ Rxd7 22. Qxb4 Bxc5 23. Rxc5 Qxc5 24. Qxe4+ Qe7 25. Qa8+ Rd8 26. Qc6+ Kf8
27. Qxa6 Qd6 28. Qxd6+ Rxd6 29. h3 f6 30. Rc1 Ke7 31. a4 Rhd8 32. Nc3 Rc8 33.
Nd5+ Kd8 34. Rxc8+ Kxc8 35. Nc3 Rb6 36. Nb5 1/2-1/2

[Event "ODJM B 2017"]
[Site "Willingen GER"]
[Date "2017.06.06"]
[Round "4"]
[White "Senechal, Niklas Bennett"]
[Black "Duong, Nhat-Minh"]
[Result "0-1"]
[Termination "normal"]
[Board "19"]
[WhiteElo "1399"]
[BlackElo "936"]
[PlyCount "50"]
[WhiteFideId "16231180"]
[BlackFideId "16245261"]
[EventCountry "GER"]
[EventRounds "9"]
[EventType "swiss"]
[EventDate "2017.06.03"]

1. e4 e5 2. Nf3 Nc6 3. Bb5 Bc5 4. O-O a6 5. Ba4 b5 6. Bb3 Nf6 7. c3 Nxe4 8. Re1
Bxf2+ 9. Kh1 Bxe1 10. Qxe1 d5 11. d3 Nf6 12. Nxe5 Nxe5 13. Qxe5+ Qe7 14. Qg3
Nh5 15. Qf2 Bb7 16. Bd2 O-O 17. Bd1 Nf6 18. Qh4 Rfe8 19. d4 Ne4 20. Qxe7 Rxe7
21. Bf4 Nxc3 22. Kg1 Nxd1 23. Kf1 Rae8 24. Bg3 Ne3+ 25. Kf2 Nc2 0-1

[Event "ODJM B 2017"]
[Site "Willingen GER"]
[Date "2017.06.06"]
[Round "4"]
[White "Huppert, Anna"]
[Black "Paeslack, Timo"]
[Result "1-0"]
[Termination "normal"]
[Board "20"]
[WhiteElo "1383"]
[BlackElo "1041"]
[PlyCount "47"]
[WhiteFideId "16214439"]
[BlackFideId "12993522"]
[EventCountry "GER"]
[EventRounds "9"]
[EventType "swiss"]
[EventDate "2017.06.03"]

1. e4 e5 2. Nf3 Nc6 3. Bc4 Nf6 4. d4 Nxe4 5. dxe5 Bc5 6. Qd5 Qe7 7. Qxe4 d6 8.
O-O dxe5 9. Bb5 Bd7 10. Be3 Bxe3 11. Qxe3 O-O 12. Bxc6 Bxc6 13. Qxe5 Qxe5 14.
Nxe5 Bb5 15. Re1 Rae8 16. Nc3 Bc6 17. Nxc6 Rxe1+ 18. Rxe1 bxc6 19. a4 h6 20. h4
c5 21. Rd1 g5 22. hxg5 hxg5 23. Rd5 f6 24. Rxc5 1-0

[Event "ODJM B 2017"]
[Site "Willingen GER"]
[Date "2017.06.06"]
[Round "4"]
[White "Bendtschneider, Nils"]
[Black "Grone, Lion"]
[Result "0-1"]
[Termination "normal"]
[Board "21"]
[WhiteElo "1080"]
[BlackElo "1545"]
[PlyCount "80"]
[WhiteFideId "16245180"]
[BlackFideId "16245032"]
[EventCountry "GER"]
[EventRounds "9"]
[EventType "swiss"]
[EventDate "2017.06.03"]

1. e4 e6 2. Nc3 d5 3. exd5 exd5 4. d4 Nf6 5. Nf3 Be7 6. h3 Bf5 7. Bf4 O-O 8.
Nb5 Ne8 9. Bd3 Bg6 10. Ne5 c6 11. Nxg6 fxg6 12. Bxb8 Rxb8 13. Nc3 Qb6 14. O-O
Qxd4 15. Qe2 Bd6 16. Rab1 Rf7 17. Kh1 Re7 18. Qd2 Nf6 19. Ne2 Ne4 20. Qe1 Qe5
21. f4 Qf6 22. Bxe4 Rxe4 23. Qd2 Rbe8 24. Rf2 Bc5 25. Nc3 R4e7 26. Rff1 Bb4 27.
Rfe1 Bxc3 28. bxc3 Rxe1+ 29. Rxe1 Rxe1+ 30. Qxe1 Kf7 31. Qe3 b6 32. Kh2 Qd6 33.
Qc1 g5 34. g3 gxf4 35. gxf4 Qe6 36. Qd2 Qe4 37. Kg3 Kf6 38. Kg4 h5+ 39. Kxh5
Kf5 40. h4 Qf3# 0-1

[Event "ODJM B 2017"]
[Site "Willingen GER"]
[Date "2017.06.06"]
[Round "4"]
[White "Kessen, Fanny"]
[Black "von der Weyden, Louis"]
[Result "0-1"]
[Termination "normal"]
[Board "22"]
[WhiteElo "1213"]
[BlackElo "1366"]
[PlyCount "64"]
[WhiteFideId "16217357"]
[BlackFideId "16207050"]
[EventCountry "GER"]
[EventRounds "9"]
[EventType "swiss"]
[EventDate "2017.06.03"]

1. e4 e5 2. Nf3 Nf6 3. Bc4 Nc6 4. d3 h6 5. c3 Bc5 6. Bb3 Bb6 7. O-O d6 8. Re1
Bg4 9. h3 Bh5 10. Nbd2 O-O 11. Nf1 Re8 12. Ng3 Bg6 13. Nh4 Bh7 14. Ngf5 Ne7 15.
Nxh6+ gxh6 16. Bxh6 Ng6 17. Nf5 Qd7 18. Qf3 Nf8 19. Qg3+ Bg6 20. Bxf8 Kxf8 21.
Qg5 Bxf5 22. exf5 Ke7 23. d4 Rg8 24. Qh6 Rh8 25. Qg7 Rh7 26. Qg5 Rg8 27. Qd2
Qxf5 28. Bc2 Qxh3 29. Kf1 Qxg2+ 30. Ke2 Qg4+ 31. f3 Rh2+ 32. Ke3 Qf4+ 0-1

[Event "ODJM B 2017"]
[Site "Willingen GER"]
[Date "2017.06.06"]
[Round "4"]
[White "Frank, Cillian"]
[Black "Frank, Marian"]
[Result "1-0"]
[Termination "normal"]
[Board "23"]
[WhiteElo "1065"]
[BlackElo "1343"]
[PlyCount "49"]
[WhiteFideId "16245202"]
[BlackFideId "16245059"]
[EventCountry "GER"]
[EventRounds "9"]
[EventType "swiss"]
[EventDate "2017.06.03"]

1. e4 e5 2. Nf3 Nc6 3. Bb5 a6 4. Ba4 Nf6 5. d3 d6 6. Be3 Bg4 7. h3 Bh5 8. g4
Bg6 9. Nc3 Be7 10. Qd2 O-O 11. O-O-O b5 12. Bb3 Nb8 13. h4 h5 14. gxh5 Bxh5 15.
Rh3 Bg4 16. Rg3 Qd7 17. Rdg1 c5 18. Nh2 b4 19. Nxg4 bxc3 20. Nxf6+ Bxf6 21.
bxc3 Rc8 22. Bh6 g6 23. Rxg6+ Kh8 24. Bg7+ Bxg7 25. Rxg7 1-0

[Event "ODJM B 2017"]
[Site "Willingen GER"]
[Date "2017.06.06"]
[Round "4"]
[White "de Veer, Mara"]
[Black "Fricke, Janek Konrad"]
[Result "0-1"]
[Termination "normal"]
[Board "24"]
[WhiteElo "1052"]
[BlackElo "1449"]
[PlyCount "76"]
[WhiteFideId "16217349"]
[BlackFideId "12997471"]
[EventCountry "GER"]
[EventRounds "9"]
[EventType "swiss"]
[EventDate "2017.06.03"]

1. e4 c5 2. d3 d6 3. g3 Nf6 4. Bg2 e5 5. Nf3 Be7 6. O-O O-O 7. Nc3 h6 8. Nd5
Be6 9. c4 Nc6 10. b3 Rb8 11. Bb2 b5 12. Rb1 bxc4 13. bxc4 Nb4 14. a3 Nbxd5 15.
cxd5 Bc8 16. Bc3 Ba6 17. Qd2 Nd7 18. Rxb8 Qxb8 19. Ne1 c4 20. dxc4 Bxc4 21. Nd3
Qb3 22. Rd1 Bg5 23. f4 exf4 24. Nxf4 a6 25. Qd4 Bf6 26. Qd2 Bxc3 27. Qc1 Bb2
28. Qb1 Bxa3 29. Qa1 Bc5+ 30. Kh1 Rb8 31. Re1 Qb2 32. Qd1 a5 33. Qa4 Qb4 34.
Qd1 a4 35. Qc1 a3 36. Qa1 a2 37. Rc1 Qb1 38. Rxb1 Rxb1+ 0-1

[Event "ODJM B 2017"]
[Site "Willingen GER"]
[Date "2017.06.06"]
[Round "4"]
[White "Bräutigam, Alexander"]
[Black "Lorenz, Keana"]
[Result "0-1"]
[Termination "normal"]
[Board "25"]
[WhiteElo "1039"]
[BlackElo "1270"]
[PlyCount "40"]
[WhiteFideId "16245210"]
[BlackFideId "12990248"]
[EventCountry "GER"]
[EventRounds "9"]
[EventType "swiss"]
[EventDate "2017.06.03"]

1. c4 f5 2. Nc3 Nf6 3. d3 d6 4. Bg5 Nc6 5. Nf3 h6 6. Bh4 g5 7. Nxg5 hxg5 8.
Bxg5 Bg7 9. Qd2 e5 10. a3 Be6 11. e3 Qd7 12. d4 Nh7 13. Bh4 exd4 14. exd4 Nxd4
15. b4 Nb3 16. Qd1 Bxc3+ 17. Ke2 Bxc4+ 18. Kf3 Qc6+ 19. Kg3 Be5+ 20. Kh3 Ng5#
0-1

[Event "ODJM B 2017"]
[Site "Willingen GER"]
[Date "2017.06.06"]
[Round "4"]
[White "Hoffmann, Kay"]
[Black "Abou Wally, Adrian"]
[Result "1-0"]
[Termination "normal"]
[Board "26"]
[WhiteElo "1059"]
[BlackElo "1197"]
[PlyCount "74"]
[WhiteFideId "16227000"]
[BlackFideId "16245113"]
[EventCountry "GER"]
[EventRounds "9"]
[EventType "swiss"]
[EventDate "2017.06.03"]

1. f4 Nc6 2. e3 d5 3. d4 Bf5 4. c3 e6 5. Nf3 Nf6 6. Bd3 Bg6 7. O-O Bd6 8. Ne5
Bxe5 9. fxe5 Nd7 10. Qe2 a6 11. e4 Nb6 12. exd5 Bxd3 13. Qxd3 Nxd5 14. Nd2 O-O
15. Nf3 Qe7 16. Bg5 Qd7 17. Qe4 h6 18. Bd2 f5 19. exf6 Nxf6 20. Qe2 Qd6 21.
Rae1 Rae8 22. Ne5 Nd7 23. Rxf8+ Nxf8 24. Qg4 Kh8 25. Nf7+ Kh7 26. Nxd6 cxd6 27.
d5 Nd8 28. dxe6 Ndxe6 29. Qe4+ Kh8 30. Qxb7 Kg8 31. Qc6 Kh8 32. Qxe8 Kg8 33.
Rxe6 d5 34. Rxa6 d4 35. Ra8 dxc3 36. Qxf8+ Kh7 37. Qf5+ g6 1-0

[Event "ODJM B 2017"]
[Site "Willingen GER"]
[Date "2017.06.06"]
[Round "4"]
[White "Schmidt, Pauline"]
[Black "Trampnau, Jan-Niklas"]
[Result "1/2-1/2"]
[Termination "normal"]
[Board "27"]
[WhiteElo "1244"]
[BlackElo "1141"]
[PlyCount "109"]
[WhiteFideId "16209850"]
[BlackFideId "16245156"]
[EventCountry "GER"]
[EventRounds "9"]
[EventType "swiss"]
[EventDate "2017.06.03"]

1. e4 d5 2. exd5 Qxd5 3. Nc3 Qe5+ 4. Be2 Bg4 5. d4 Bxe2 6. Ngxe2 Qh5 7. b3 Nf6
8. Bb2 c6 9. h3 e6 10. Qd3 Nbd7 11. O-O-O Bd6 12. g4 Qa5 13. f4 O-O-O 14. Rhe1
h6 15. Kb1 Nd5 16. Nxd5 Qxd5 17. c4 Qa5 18. c5 Bb8 19. Qc3 Qxc3 20. Bxc3 Nf6
21. Ba5 Bc7 22. Bxc7 Kxc7 23. Nc3 Nd5 24. Nxd5+ Rxd5 25. Re5 Rhd8 26. Rxd5 Rxd5
27. Kc2 g5 28. fxg5 hxg5 29. Rf1 f5 30. gxf5 Rxf5 31. Rg1 e5 32. dxe5 Rxe5 33.
b4 Re2+ 34. Kb1 Re4 35. Rxg5 Rxb4+ 36. Kc2 Ra4 37. Kb3 Rh4 38. Rg7+ Kb8 39.
Rg8+ Kc7 40. Rg7+ Kb8 41. Rg3 b6 42. cxb6 axb6 43. Rc3 Kb7 44. a3 Ka6 45. Rxc6
Rxh3+ 46. Kb4 Rh4+ 47. Kb3 Ka5 48. Ka2 Kb5 49. Rc3 Ka4 50. Rb3 b5 51. Rd3 Rh2+
52. Kb1 Ka5 53. Rd4 Kb6 54. a4 Rh1+ 55. Kc2 1/2-1/2

[Event "ODJM B 2017"]
[Site "Willingen GER"]
[Date "2017.06.06"]
[Round "4"]
[White "Grimm, Nicola Marie"]
[Black "Schotthöfer, Samira"]
[Result "1-0"]
[Termination "normal"]
[Board "28"]
[WhiteElo "1239"]
[BlackElo "1113"]
[PlyCount "47"]
[WhiteFideId "12988987"]
[BlackFideId "16243455"]
[EventCountry "GER"]
[EventRounds "9"]
[EventType "swiss"]
[EventDate "2017.06.03"]

1. d4 d5 2. Bf4 c5 3. c3 Qb6 4. Qb3 Nf6 5. Nf3 Nc6 6. Qxb6 axb6 7. Bc7 Nd7 8.
e3 e6 9. Bb5 Ra5 10. a4 f6 11. Nbd2 Be7 12. O-O O-O 13. Nb3 Ra8 14. Rae1 Bd8
15. Bd6 Be7 16. Bc7 Re8 17. h3 Bf8 18. e4 dxe4 19. Rxe4 Na5 20. Nbd2 Nc6 21.
Bc4 Kf7 22. d5 Nd8 23. Bxd8 Rxd8 24. dxe6+ 1-0

[Event "ODJM B 2017"]
[Site "Willingen GER"]
[Date "2017.06.06"]
[Round "4"]
[White "Eichstaedt, Ina"]
[Black "Schulz, Paul"]
[Result "1-0"]
[Termination "normal"]
[Board "29"]
[WhiteElo "1215"]
[BlackElo "1001"]
[PlyCount "120"]
[WhiteFideId "1270265"]
[BlackFideId "16245237"]
[EventCountry "GER"]
[EventRounds "9"]
[EventType "swiss"]
[EventDate "2017.06.03"]

1. f4 d5 2. Nf3 Nf6 3. e3 g6 4. d4 Bf5 5. Bd3 Be4 6. O-O Bg7 7. Bxe4 Nxe4 8.
Nbd2 O-O 9. c3 Nd7 10. Nxe4 dxe4 11. Ne5 e6 12. Bd2 Nf6 13. Ng4 Qe7 14. Nf2
Rfd8 15. Qc2 Qd6 16. Nxe4 Nxe4 17. Qxe4 e5 18. Rad1 Qd5 19. Qxd5 Rxd5 20. fxe5
Rad8 21. Be1 Bxe5 22. Bh4 R8d7 23. e4 Bxh2+ 24. Kxh2 Rh5 25. g3 g5 26. Rf5 Rd6
27. Rxg5+ Rxg5 28. Bxg5 c5 29. Bf4 Re6 30. e5 cxd4 31. cxd4 Ra6 32. a3 f6 33.
Rc1 Rb6 34. Rc2 Kf7 35. exf6 Kxf6 36. Be5+ Kf5 37. Kg2 h5 38. Kh3 Rb3 39. Kh4
Kg6 40. Rf2 Kh6 41. Rf6+ Kh7 42. Rf2 Kg6 43. Bb8 a6 44. Be5 Kh6 45. Rf6+ Kh7
46. Kxh5 Rxb2 47. Kg4 Rb3 48. Kh4 Rxa3 49. Rf7+ Kg6 50. Rxb7 a5 51. d5 Kf5 52.
Bf4 Ra2 53. Rf7+ Kg6 54. Rf8 Kg7 55. Rf5 Kg6 56. Kg4 Ra4 57. d6 Rd4 58. Rxa5
Kf6 59. Kf3 Ke6 60. Re5+ Kd7 1-0

[Event "ODJM B 2017"]
[Site "Willingen GER"]
[Date "2017.06.06"]
[Round "4"]
[White "Wilmink, Luca"]
[Black "Reuker, Ronja"]
[Result "0-1"]
[Termination "normal"]
[Board "30"]
[WhiteElo "968"]
[BlackElo "1331"]
[PlyCount "102"]
[WhiteFideId "16245253"]
[BlackFideId "12947172"]
[EventCountry "GER"]
[EventRounds "9"]
[EventType "swiss"]
[EventDate "2017.06.03"]

1. e4 e5 2. Nf3 Nc6 3. Bc4 Nf6 4. O-O Bc5 5. d3 O-O 6. c3 Bb6 7. b4 a6 8. Nbd2
d5 9. exd5 Nxd5 10. Re1 Nxc3 11. Qb3 Bd4 12. Ba3 b5 13. Ne4 bxc4 14. Qxc4 Nxe4
15. Nxd4 Nxd4 16. Rxe4 Re8 17. Rae1 Be6 18. Qc1 f6 19. Bb2 Bf5 20. R4e3 Rb8 21.
Bxd4 Qxd4 22. Qc4+ Qxc4 23. dxc4 Rxb4 24. f4 e4 25. Rc3 Rd8 26. a3 Rb6 27. a4
Rb4 28. a5 Ra4 29. h3 h5 30. Rb1 Rxa5 31. Rb7 Rc5 32. Ra7 a5 33. Ra6 Rd4 34.
Ra7 Rdxc4 35. Rb3 Rb4 36. Ra3 Rbb5 37. Ra2 e3 38. Re2 Rb1+ 39. Kh2 Rb3 40. Kg3
Ra3 41. Kh4 g6 42. g4 hxg4 43. hxg4 Be6 44. Ra6 Bc4 45. Ra8+ Kf7 46. Rc2 e2 47.
Rxe2 Bxe2 48. Ra7 Ra1 49. Ra8 a4 50. Ra7 Rc3 51. f5 Rh1# 0-1

[Event "ODJM B 2017"]
[Site "Willingen GER"]
[Date "2017.06.06"]
[Round "4"]
[White "Sohr, Jim"]
[Black "Altgelt, Helene"]
[Result "1-0"]
[Termination "normal"]
[Board "32"]
[WhiteElo "1205"]
[BlackElo "985"]
[PlyCount "29"]
[WhiteFideId "16245105"]
[BlackFideId "16232020"]
[EventCountry "GER"]
[EventRounds "9"]
[EventType "swiss"]
[EventDate "2017.06.03"]

1. e4 d5 2. exd5 Nf6 3. Nf3 Nxd5 4. d4 Nc6 5. c4 Nb6 6. c5 Nd5 7. Bc4 Bf5 8.
O-O e6 9. Bd2 Ncb4 10. Bxb4 Nxb4 11. Qa4+ Nc6 12. Bb5 Qd7 13. Ne5 Bc2 14. Qxc2
Qd5 15. Nc3 1-0

[Event "ODJM B 2017"]
[Site "Willingen GER"]
[Date "2017.06.06"]
[Round "4"]
[White "Reyher, Bastian"]
[Black "Kobald, Pierre"]
[Result "0-1"]
[Termination "normal"]
[Board "33"]
[WhiteElo "1102"]
[BlackElo "1287"]
[PlyCount "56"]
[WhiteFideId "12927465"]
[BlackFideId "12983659"]
[EventCountry "GER"]
[EventRounds "9"]
[EventType "swiss"]
[EventDate "2017.06.03"]

1. e4 c5 2. Nf3 Nc6 3. d4 cxd4 4. Nxd4 g6 5. Be3 Bg7 6. Nc3 Nf6 7. Bc4 O-O 8.
Qd2 Ng4 9. O-O-O Nxe3 10. fxe3 Ne5 11. Bb3 Bh6 12. Qe2 d6 13. h3 Bd7 14. g4 a6
15. Bd5 Ra7 16. Rdg1 e6 17. Bb3 b5 18. Nd1 Qb6 19. g5 Bg7 20. c3 b4 21. Nc2 Rc8
22. h4 bxc3 23. Nxc3 a5 24. a4 Qxb3 25. h5 Nc4 26. hxg6 Qxb2+ 27. Kd1 fxg6 28.
Rf1 Bxc3 0-1

[Event "ODJM B 2017"]
[Site "Willingen GER"]
[Date "2017.06.06"]
[Round "4"]
[White "Ott, Linda"]
[Black "Köber, Simon"]
[Result "1-0"]
[Termination "normal"]
[Board "34"]
[WhiteElo "1075"]
[BlackElo "1232"]
[PlyCount "83"]
[WhiteFideId "12992453"]
[BlackFideId "16245083"]
[EventCountry "GER"]
[EventRounds "9"]
[EventType "swiss"]
[EventDate "2017.06.03"]

1. e4 e5 2. Nf3 Nc6 3. Bb5 a6 4. Ba4 b5 5. Bb3 Nf6 6. d3 Bc5 7. h3 d6 8. c3 O-O
9. O-O Be6 10. Bc2 Qd7 11. Ng5 h6 12. Nxe6 fxe6 13. Qf3 d5 14. Qg3 Kh7 15. Nd2
Rf7 16. Nf3 Qe7 17. Nh4 g6 18. Qxg6+ Kh8 19. Qxh6+ Kg8 20. Ng6 Rh7 21. Nxe7+
Bxe7 22. Qg5+ Kh8 23. Re1 Rg8 24. Qd2 Rxh3 25. Re3 Rh6 26. Rg3 Rhg6 27. Rxg6
Rxg6 28. exd5 exd5 29. d4 e4 30. Qf4 Bd6 31. Qf5 Ne7 32. Qh3+ Kg7 33. g3 Ng4
34. Bd1 e3 35. Bxg4 exf2+ 36. Kf1 Nf5 37. Bxf5 Rxg3 38. Qh7+ Kf6 39. Kxf2 a5
40. Bh6 b4 41. Qd7 bxc3 42. Qe6# 1-0

[Event "ODJM B 2017"]
[Site "Willingen GER"]
[Date "2017.06.06"]
[Round "4"]
[White "Lorenz, Anouk"]
[Black "Färber, Sophie"]
[Result "1-0"]
[Termination "normal"]
[Board "35"]
[WhiteElo "1210"]
[BlackElo "1093"]
[PlyCount "77"]
[WhiteFideId "12990256"]
[BlackFideId "16239121"]
[EventCountry "GER"]
[EventRounds "9"]
[EventType "swiss"]
[EventDate "2017.06.03"]

1. e4 e5 2. Nf3 Nc6 3. Bc4 Bc5 4. d4 exd4 5. Ng5 Ne5 6. Nxf7 Nxf7 7. Bxf7+ Kxf7
8. Qh5+ g6 9. Qxc5 Qe7 10. Qxd4 Nf6 11. Nc3 c5 12. Qd3 d6 13. O-O h6 14. Bf4
Ne8 15. Rfe1 g5 16. Bg3 a6 17. e5 Be6 18. exd6 Qd7 19. Re3 Nf6 20. Rae1 Rae8
21. Be5 Bf5 22. Qc4+ Be6 23. Qxc5 Rc8 24. Qd4 Rc4 25. Qd2 Rhc8 26. Bxf6 Kxf6
27. Rf3+ Bf5 28. Nd5+ Kg6 29. Ne7+ Kh7 30. Nxf5 Rxc2 31. Qe3 Re8 32. Ne7 Qxd6
33. Qe4+ Kh8 34. Qxc2 Rxe7 35. Rxe7 Qxe7 36. h3 Qe1+ 37. Kh2 Qe5+ 38. g3 h5 39.
Qc3 1-0

[Event "ODJM B 2017"]
[Site "Willingen GER"]
[Date "2017.06.06"]
[Round "4"]
[White "Kiefhaber, Julius"]
[Black "Butenandt, Albrecht"]
[Result "0-1"]
[Termination "normal"]
[Board "36"]
[WhiteElo "1187"]
[BlackElo "1031"]
[PlyCount "66"]
[WhiteFideId "16245121"]
[BlackFideId "16213424"]
[EventCountry "GER"]
[EventRounds "9"]
[EventType "swiss"]
[EventDate "2017.06.03"]

1. e4 c5 2. Nf3 d6 3. c3 Nf6 4. d3 g6 5. Be2 Bg7 6. Be3 O-O 7. O-O Nc6 8. Qc2
Ng4 9. h3 Nxe3 10. fxe3 d5 11. exd5 Qxd5 12. c4 Qd6 13. Nc3 Qg3 14. Ne4 Qc7 15.
Rad1 Rd8 16. Nxc5 b6 17. Nb3 Qg3 18. Nfd4 Nxd4 19. Nxd4 Qxe3+ 20. Rf2 Rxd4 21.
Qa4 Bf5 22. Bf3 Rad8 23. Be2 Bxd3 24. Bxd3 Rxd3 25. Rxd3 Qxd3 26. Qa3 Bd4 27.
Qxa7 Qe3 28. Qc7 Qxf2+ 29. Kh2 Rd6 30. Qxe7 Re6 31. Qxe6 fxe6 32. h4 Be5+ 33.
Kh3 Qg3# 0-1

[Event "ODJM B 2017"]
[Site "Willingen GER"]
[Date "2017.06.06"]
[Round "4"]
[White "Reichel, Sara"]
[Black "Guo, Jacob Tingshen"]
[Result "0-1"]
[Termination "normal"]
[Board "37"]
[WhiteElo "1154"]
[BlackElo "971"]
[PlyCount "46"]
[WhiteFideId "16245130"]
[BlackFideId "16245245"]
[EventCountry "GER"]
[EventRounds "9"]
[EventType "swiss"]
[EventDate "2017.06.03"]

1. e4 e5 2. Nf3 Nc6 3. Bc4 Nf6 4. d4 exd4 5. O-O Bc5 6. e5 Ng4 7. Bf4 d6 8. h3
Ngxe5 9. Nxe5 Nxe5 10. Re1 O-O 11. Bxe5 dxe5 12. Rxe5 Qd6 13. Re4 Bf5 14. Rh4
Qf6 15. Qh5 h6 16. Nd2 Bxc2 17. Nf3 Bg6 18. Qxc5 d3 19. Rd1 Rad8 20. g3 Qxf3
21. Rd2 Be4 22. Rxe4 Qxe4 23. Bb3 Qe1+ 0-1

[Event "ODJM B 2017"]
[Site "Willingen GER"]
[Date "2017.06.06"]
[Round "4"]
[White "Hoppstädter, Daniel"]
[Black "Löding, Sarah-Marie"]
[Result "0-1"]
[Termination "normal"]
[Board "38"]
[WhiteElo "911"]
[BlackElo "1120"]
[PlyCount "60"]
[WhiteFideId "16243625"]
[BlackFideId "16245164"]
[EventCountry "GER"]
[EventRounds "9"]
[EventType "swiss"]
[EventDate "2017.06.03"]

1. e4 e5 2. f4 exf4 3. Nf3 g5 4. d4 g4 5. Ne5 Qh4+ 6. g3 fxg3 7. Bg2 gxh2+ 8.
Kf1 d6 9. Nd3 g3 10. Bf4 Bh3 11. Qf3 Nc6 12. c3 Bh6 13. Bxg3 Qg4 14. Qxg4 Bxg4
15. Rxh2 O-O-O 16. Bh3 Bxh3+ 17. Rxh3 Bg7 18. Bh4 Re8 19. Nd2 Nf6 20. Bxf6 Bxf6
21. Rf3 Bg5 22. Nc4 Rxe4 23. Rxf7 h5 24. Rg7 Rf8+ 25. Kg2 Rg4+ 26. Kh1 Rf3 27.
Rg8+ Kd7 28. Rg7+ Ke6 29. Re1+ Kf6 30. Rxg5 Rh3# 0-1

[Event "ODJM B 2017"]
[Site "Willingen GER"]
[Date "2017.06.06"]
[Round "4"]
[White "Schulz, Jonas"]
[Black "Pham, Anh Tuan"]
[Result "0-1"]
[Termination "normal"]
[Board "39"]
[WhiteElo "1120"]
[BlackElo "1017"]
[PlyCount "88"]
[WhiteFideId "16245172"]
[BlackFideId "16245229"]
[EventCountry "GER"]
[EventRounds "9"]
[EventType "swiss"]
[EventDate "2017.06.03"]

1. e4 e5 2. Nf3 Nc6 3. Bc4 Nf6 4. d3 d6 5. Bg5 h6 6. Bh4 Bg4 7. Nc3 Nd4 8. Nd5
Be7 9. Nxf6+ Bxf6 10. Bxf6 Qxf6 11. h3 Nxf3+ 12. gxf3 Bxf3 13. Qd2 Bxh1 14.
O-O-O Bf3 15. Rf1 c6 16. a3 d5 17. exd5 Bxd5 18. Rd1 b5 19. Bxd5 cxd5 20. Re1
O-O 21. Rg1 Qf3 22. Qe1 Qf4+ 23. Kb1 e4 24. Qf1 Rae8 25. Qg2 g6 26. dxe4 dxe4
27. Rh1 Re6 28. h4 h5 29. Rh3 e3 30. Rf3 Qxf3 31. Qxf3 e2 32. Qf4 e1=Q+ 33. Ka2
Qe5 34. Qh6 Rb8 35. f4 Qg7 36. Qg5 Ra6 37. Qe5 Qxe5 38. fxe5 b4 39. c4 bxa3 40.
bxa3 Rab6 41. a4 Rb2+ 42. Ka1 Re2 43. e6 Rd8 44. e7 Rd1# 0-1

[Event "ODJM B 2017"]
[Site "Willingen GER"]
[Date "2017.06.06"]
[Round "4"]
[White "Foos, Vanessa"]
[Black "Ludwig, Lea"]
[Result "1-0"]
[Termination "normal"]
[Board "40"]
[WhiteElo "935"]
[BlackElo "1251"]
[PlyCount "115"]
[WhiteFideId "16245270"]
[BlackFideId "16217381"]
[EventCountry "GER"]
[EventRounds "9"]
[EventType "swiss"]
[EventDate "2017.06.03"]

1. e4 c5 2. d4 cxd4 3. c3 dxc3 4. Nxc3 Nf6 5. Nf3 e6 6. Bc4 d6 7. Bg5 Be7 8.
O-O O-O 9. Qb3 Nc6 10. Rad1 Rb8 11. e5 Ne8 12. Bxe7 Qxe7 13. exd6 Nxd6 14. Bb5
Nxb5 15. Nxb5 a6 16. Nbd4 Bd7 17. Rfe1 Nxd4 18. Rxd4 Bc6 19. Red1 Rfd8 20. h3
h6 21. Qd3 Rxd4 22. Nxd4 Bd5 23. Nf5 Qf6 24. g4 Bxa2 25. Nd6 Qxb2 26. Nc4 Bxc4
27. Qxc4 Qb5 28. Qc7 Qe8 29. Rb1 b5 30. Qa7 Ra8 31. Qb6 Qb8 32. Qc6 g5 33. Ra1
a5 34. Rb1 b4 35. Qa4 Kg7 36. Ra1 Qa7 37. Qb3 Qb6 38. Qb2+ f6 39. Rd1 Ra7 40.
Rd3 a4 41. Qd2 Qb7 42. Rd4 b3 43. Rb4 Qf3 44. Qd4 Ra6 45. Qd7+ Kg6 46. Rb7 Qxb7
47. Qxb7 Ra5 48. Kf1 a3 49. Qxb3 a2 50. Qc2+ f5 51. gxf5+ exf5 52. Qc6+ Kh5 53.
Qf3+ g4 54. hxg4+ fxg4 55. Qf7+ Kh4 56. Qf6+ Kh3 57. Qxh6+ Rh5 58. Qxh5# 1-0